Statistics for Countries of the world test

Click here to take the quiz!

General Stats

  • This quiz has been taken 2 times
  • The average score is 111 of 186

Answers on the Map

Answers color-coded by a green-red scale on the quiz's map according to % correct below.
 

Answer Stats

Answer% Correct
Algeria
100%
Argentina
100%
Australia
100%
Austria
100%
Bahamas
100%
Belarus
100%
Belgium
100%
Bosnia and Herzegovina
100%
Brazil
100%
Canada
100%
Chile
100%
China
100%
Croatia
100%
Cuba
100%
Denmark
100%
Dominican Republic
100%
Egypt
100%
Eritrea
100%
Estonia
100%
Finland
100%
France
100%
Germany
100%
Haiti
100%
Hungary
100%
Iceland
100%
India
100%
Indonesia
100%
Ireland
100%
Israel
100%
Italy
100%
Jamaica
100%
Japan
100%
Kazakhstan
100%
Laos
100%
Latvia
100%
Libya
100%
Lithuania
100%
Madagascar
100%
Mexico
100%
Mongolia
100%
Morocco
100%
Nepal
100%
Netherlands
100%
New Zealand
100%
North Korea
100%
Norway
100%
Panama
100%
Poland
100%
Portugal
100%
Russia
100%
Saudi Arabia
100%
South Africa
100%
South Korea
100%
Spain
100%
Sri Lanka
100%
Suriname
100%
Sweden
100%
Switzerland
100%
Taiwan
100%
Turkey
100%
Ukraine
100%
United Kingdom
100%
United States
100%
Afghanistan
50%
Albania
50%
Angola
50%
Belize
50%
Benin
50%
Bhutan
50%
Bolivia
50%
Botswana
50%
Bulgaria
50%
Burundi
50%
Cambodia
50%
Cameroon
50%
Cape Verde
50%
Central African Republic
50%
Chad
50%
Colombia
50%
Comoros
50%
Costa Rica
50%
Cyprus
50%
Djibouti
50%
Ecuador
50%
El Salvador
50%
Equatorial Guinea
50%
Eswatini
50%
Ethiopia
50%
Gabon
50%
Gambia
50%
Ghana
50%
Greece
50%
Guatemala
50%
Guinea
50%
Guinea-Bissau
50%
Guyana
50%
Honduras
50%
Iran
50%
Iraq
50%
Ivory Coast
50%
Jordan
50%
Kenya
50%
Kosovo
50%
Kuwait
50%
Kyrgyzstan
50%
Lebanon
50%
Lesotho
50%
Liberia
50%
Luxembourg
50%
Malaysia
50%
Maldives
50%
Mali
50%
Malta
50%
Mauritania
50%
Mauritius
50%
Moldova
50%
Montenegro
50%
Mozambique
50%
Myanmar
50%
Namibia
50%
Nicaragua
50%
Niger
50%
Nigeria
50%
Oman
50%
Pakistan
50%
Papua New Guinea
50%
Paraguay
50%
Peru
50%
Qatar
50%
Romania
50%
Rwanda
50%
São Tomé and Príncipe
50%
Senegal
50%
Serbia
50%
Seychelles
50%
Sierra Leone
50%
Slovakia
50%
Slovenia
50%
Somalia
50%
South Sudan
50%
Sudan
50%
Syria
50%
Tajikistan
50%
Tanzania
50%
Thailand
50%
Timor-Leste
50%
Togo
50%
Tunisia
50%
Turkmenistan
50%
Uganda
50%
United Arab Emirates
50%
Uruguay
50%
Uzbekistan
50%
Venezuela
50%
Vietnam
50%
Yemen
50%
Zambia
50%
Zimbabwe
50%
Andorra
0%
Antigua and Barbuda
0%
Bahrain
0%
Barbados
0%
Brunei
0%
Congo
0%
Congo
0%
Dominica
0%
Fiji
0%
Grenada
0%
Kiribati
0%
Liechtenstein
0%
Marshall Islands
0%
Micronesia
0%
Monaco
0%
Nauru
0%
Palau
0%
Saint Kitts and Nevis
0%
Saint Lucia
0%
Saint Vincent and the Grenadines
0%
Samoa
0%
San Marino
0%
Singapore
0%
Solomon Islands
0%
Tonga
0%
Tuvalu
0%
Vanuatu
0%
Vatican City
0%

Score Distribution

Percentile by Number Answered

Percent of People with Each Score

Your Score History

You have not taken this quiz